000 00791nam a2200241Ia 4500
003 GCL
008 140319s9999 xx 000 0 ara d
040 _aGCL /
_cGCL
082 0 4 _a301.42
_bز ا
100 1 _aزيدان عبد الباقى
245 1 0 _aالاسرة والطفولة /
_cزيدان عبد الباقى
260 _a[S.N] :
_bمكتبة النهضة المصرية ،
_c1980
300 _a415 ص
490 _aسلسلة الثقافة الاجتماعيةالدينية للشباب
_v0
650 0 4 _aالاسرة
650 0 4 _aالاطفال
650 0 4 _aالعلاقات الاسرية
650 0 4 _aالاجتماع
650 0 4 _aالامومة
650 0 4 _aالاباء والابناء
650 0 4 _aالامهات والابناء
942 _2ddc
_cBK
999 _c27915
_d27915